Metro Transit (Minnesota) Light Rail Stations - Statistics

General Stats
  • This quiz has been taken 68 times
    31 since last reset
  • The average score is 22 of 37
Answer Stats
Answer % Correct
Target Field
95%
Lake Street / Midtown
85%
Mall of America
85%
Capitol / Rice Street
80%
East Bank
80%
Stadium Village
80%
Terminal 1
80%
Terminal 2
80%
West Bank
80%
U.S. Bank Stadium
75%
Prospect Park
70%
Snelling Avenue
70%
38th Street
65%
46th Street
65%
Franklin Avenue
65%
Lexington Parkway
65%
Nicollet Mall
65%
Warehouse District / Hennepin Avenue
65%
Fort Snelling
60%
Government Plaza
60%
50th Street / Minnehaha Park
55%
Cedar-Riverside
55%
Dale Street
55%
American Boulevard
50%
Hamline Avenue
50%
Raymond Avenue
50%
VA Medical Center
50%
Bloomington Central
45%
Fairview Avenue
45%
30th Avenue
40%
Westgate
40%
Central
35%
Union Depot
35%
10th Street
30%
Robert Street
30%
Victoria Street
30%
Western Avenue
25%
No matching quizzes found
Score Distribution
Percent of People with Each Score
Percentile by Number Answered
Your Score History
You have not taken this quiz since the last reset